000
00272nam a22001097a 4500
999
_c
256661
_d
256660
008
180116b xxu||||| |||| 00| 0 eng d
020
_a
0135745756
100
_a
Raymond A Barnett & Michael R. Ziegler
245
_a
Applied Mathematics
250
_a
6th ed
260
_c
1996